Forêts de fiction - Statistiques

Statistiques générales
  • Ce quiz a été pris 20 fois
  • Le résultat moyen est 7 sur 40
Statistiques - réponses
Forêt de fiction Univers % Correct
Forêt Interdite Harry Potter
89%
Vertbois-le-Grand/Grandbois/Forêt Noire/Grand'Peur Le Seigneur des Anneaux
84%
Bois Perdus The Legend of Zelda
53%
Forêt de la Tentation(Whole Cake Island) One Piece
42%
Forêt de Jade Pokémon
42%
Forêt des Carnutes Astérix
32%
Bois Vermeil Mario
32%
Forêt de la Mort Naruto
32%
Brokilone/Forêt deBrokilon The Witcher
32%
Bois d'Entre-les-Mondes Le Monde de Narnia
26%
Forêt des Ombres de Kashyyyk Star Wars
26%
Forêt de Tulgey Alice au pays des merveilles
21%
Forêt de Vendombre The Elder Scrolls
21%
Forêt des rêves bleus Winnie l'Ourson
21%
Forêt de Wors Fairy Tail
16%
Forêt de Menos Bleach
11%
Forêt de Noiresouche Dark Souls
11%
Forêt de Valmort Dragon Quest
11%
Paleto Forest GTA V
11%
Forêt des Arbres Géants L'Attaque des Titans
11%
Forêt de Barail Les Mondes d'Ewilan
11%
Forêt biscornue Minecraft
11%
Bois de la Pénombre World of Warcraft
11%
Forêt roussie Avatar le Dernier Maître de l'Air
5%
Forêt de Gapra Final Fantasy
5%
Forêt de Kanterbury Guardian Tales
5%
Forêt d'Ebibuna Hunter X Hunter
5%
Forêt torturée League of Legends
5%
Forêt d'Everfree/Forêt Désenchantée My Little Pony
5%
Forêt Noire du Calisota Picsou
5%
Forêt des Rêves Blancs Seven Deadly Sins
5%
Bois de Sumeru Genshin Impact
0%
Forêt de Gnome Gravity Falls
0%
Forêt de Skund Les Annales du Disque-Monde
0%
Forêt de Nibel Ori and The Blind Forest
0%
Forêt de Caillte Radiant
0%
Forêt Primordiale (dans laForêt des Songes) Rayman
0%
Forêt d'été Spyro
0%
Forêt de Couveneige Undertale
0%
Forêt de Mortebranche Yo-Kai Watch
0%
Aucun quiz correspondant
Distribution des résultats
% des personnes avec chaque résultat
Percentile par nombre de réponses
Votre historique - résultats
Vous n’avez pas pris ce quiz